Miraculous Ladybug: Name The Kwamis - Statistics

General Stats
  • This quiz has been taken 385 times
  • The average score is 10 of 15
Answer Stats
Animal Name % Correct
Ladybug Tikki
99%
Cat Plagg
93%
Fox Trixx
84%
Bee Pollen
81%
Butterfly Nooroo
79%
Turtle Wayzz
75%
Rabbit Fluff
67%
Peacock Duusu
66%
Mouse Mullo
66%
Dog Barkk
62%
Monkey Xuppu
57%
Tiger Roarr
54%
Pony Kaalki
53%
Ox Stompp
53%
Chicken Orikko
50%
No matching quizzes found
Score Distribution
Percent of People with Each Score
Percentile by Number Answered
Your Score History
You have not taken this quiz